مكتبة جامعة عجلون الوطنية

فهرس بحث المكتبة

Normal view MARC view
  • آل جرار(قبيلة)- فلسطين- تاريخ- القرن 18-19

Entry Topical Term

Number of records used in: 1

001 - CONTROL NUMBER

  • control field: 33611

003 - CONTROL NUMBER IDENTIFIER

  • control field: JO-AjAnu

005 - DATE AND TIME OF LATEST TRANSACTION

  • control field: 20230606075634.0

008 - FIXED-LENGTH DATA ELEMENTS

  • fixed length control field: 230606|| aca||aabn | a|a d

040 ## - CATALOGING SOURCE

  • Original cataloging agency: JO-AjAnu
  • Transcribing agency: JO-AjAnu

150 ## - HEADING--TOPICAL TERM

  • Topical term or geographic name entry element: آل جرار(قبيلة)- فلسطين- تاريخ- القرن 18-19

670 ## - SOURCE DATA FOUND

  • Source citation: Work cat.: (JO-AjAnu)17266: اعده وترجم نصوصه جرار، صلاح, author 33610, قلعة صانور وتاريخ آل جرار : صور من مشاهدات الرحالة في القرنين الثامن عشر والتاسع عشر